| 000 | 00770nam a2200253 a 4500 | ||
|---|---|---|---|
| 001 | 9288 | ||
| 003 | BD-RjUL | ||
| 005 | 20211208234741.0 | ||
| 008 | 161211r19551953mau 001 0 eng d | ||
| 035 | _a(BD-RjUL)9333 | ||
| 040 |
_aBD-RjUL _beng _cBD-RjUL |
||
| 041 | _aeng | ||
| 082 | 0 | 0 |
_a539.7 _bSAN 1955 _223 |
| 100 | 1 |
_aSachs, Robert Green, _d1916- _928826 |
|
| 245 | 1 | 0 |
_aNuclear theory / _cby Robert G. Sachs. |
| 260 |
_aCambridge, Mass : _bAddison-Wesley Pub. Co, _c1953 [reprinted 1955]. |
||
| 300 |
_axi, 383 p. : _bill. ; _c24 cm. |
||
| 490 | 1 | _aA-W series in advanced physics | |
| 504 | _aIncludes indexes. | ||
| 650 | 0 |
_aNuclear physics. _928827 |
|
| 650 | 0 |
_aTwo-body problem. _928828 |
|
| 830 | 0 |
_aA-W series in advanced physics _9171276 |
|
| 942 |
_2ddc _cBK |
||
| 999 |
_c9288 _d9288 |
||